000 00637cam a22002052 4500
001 0000025062
005 20151217160133.0
008 141027s xx 000 0 eng d
020 _a0030520576 :
040 _aKABU
_cKABU
245 1 0 _aElements of literature. :
_bintroductory course.
260 _aNew York :
_bHolt,
_c2000.
300 _axix, 796 p.
650 0 _aEnglish literature.
_@0000152215
908 _a141027
950 _@1
999 _c14737
_d14737